000
00231 a2200097 4500
001
44054
100
_a
Munir S.W
245
_a
The life of Mohammad from original sources
260
_a
Britain
_b
Edinburgh
_c
090
_c
27796
_d
27796
942
_a
NUST-CAE
_c
M
_c
19775
999
_c
279127
_d
279127